|
|
|
|
| LEADER |
00000nab a2200000 a 4500 |
| 001 |
vtls009093050 |
| 003 |
SK-MaSNL |
| 005 |
20260304152404.0 |
| 008 |
250506|2006 xo ||||||||||||00 ||slo |
| 015 |
|
|
|a SNBRA2007/09
|
| 035 |
|
|
|a urn:nbn:sk:snk-ab8cr3
|
| 035 |
|
|
|a (urnnbn)urn:nbn:sk:snk:ar-a083b5
|
| 035 |
|
|
|a (uuid)955cc6d7-8671-457a-9773-1b024b2e3ace
|
| 038 |
|
|
|a SNKBUCL
|
| 040 |
|
|
|a SNKBUCL
|b slo
|c SNKBUCL
|e AACR2
|
| 041 |
0 |
|
|a slo
|b eng
|b ger
|
| 044 |
|
|
|a xo
|c SK
|
| 080 |
|
|
|a 347.72
|2 1997
|
| 100 |
1 |
|
|a Patakyová, Mária,
|d 1963-
|4 aut
|9 221641
|
| 245 |
1 |
0 |
|a Postavenie spoločníka verejnej obchodnej spoločnosti - niektoré legislatívne a aplikačné problémy
|c Mária Patakyová
|
| 504 |
|
|
|a Bibliogr. odkazy
|
| 546 |
|
|
|a Res. angl., nem.
|
| 650 |
0 |
7 |
|a verejné obchodné spoločnosti
|2 snkbucl
|9 1302546
|
| 650 |
0 |
7 |
|a spoločníci komaditnej spoločnosti
|2 snkbucl
|9 1474660
|
| 773 |
0 |
|
|t Acta Facultatis iuridicae Universitatis Comenianae XXIV
|d Bratislava : Univerzita Komenského, 2006
|g S. 133-145
|z 8022322369
|
| 850 |
|
|
|a Slovenská národná knižnica
|
| 852 |
|
|
|a Slovenská národná knižnica
|
| 954 |
|
|
|a odborná, vedecká literatúra pôvodná (slovenská)
|2 lita
|
| 958 |
|
|
|a article9
|
| 958 |
|
|
|a OND
|
| 958 |
|
|
|a SK
|
| 958 |
|
|
|a NB
|
| 958 |
|
|
|a EUIPO
|
| 999 |
|
|
|c 2948749
|d 2950679
|